Writings of Rajni Kothari: politics in India, Caste in India politics, rethinking democracy (Record no. 14005)

MARC details
000 -LEADER
fixed length control field 00481nam a2200169 a 4500
020 ## - INTERNATIONAL STANDARD BOOK NUMBER
ISBN 9788125037552
082 00 - DEWEY DECIMAL CLASSIFICATION NUMBER
Classification number 320.0954
Author Cutter NAN
100 ## - MAIN ENTRY--AUTHOR NAME
Author name Nandy, Ashis
245 ## - TITLE STATEMENT
Title Writings of Rajni Kothari: politics in India, Caste in India politics, rethinking democracy
260 ## - PUBLICATION, DISTRIBUTION, ETC. (IMPRINT)
Place of publication New Delhi
Name of publisher Orient Blackswan
Year of publication 2009
300 ## - PHYSICAL DESCRIPTION
Number of Pages 470p
500 ## - GENERAL NOTE
General note includes index and biblioraphy
505 2# - FORMATTED CONTENTS NOTE
Formatted contents note part 1 and 2
650 ## - SUBJECT ADDED ENTRY--TOPICAL TERM
Topical Term Politics-India
942 ## - ADDED ENTRY ELEMENTS (KOHA)
Koha item type Books
700 1# -
-- Nandy, Ashis
Holdings
Collection code Home library Current library Date acquired Cost, normal purchase price Full call number Accession Number Koha item type
  Henry Martyn Institute Library Henry Martyn Institute Library 04/13/2010 995.00 320.0954 NAN 023160 Books
                   Copyright © 2026 | Henry Martyn Institute | Hyderabad | TS-500052 | INDIA | Implemented by hmi.edu.in
Hit-Count:

Powered by Koha